Русский язык. Ч. 2 (Запись № 11596289)
[ простой вид ]
| 000 -МАРКЕР | |
|---|---|
| контрольное поле | 01524nam2a2200241 4500 |
| 001 - ИДЕНТИФИКАТОР ЗАПИСИ | |
| контрольное поле | RU\NLR\BIBL_A\012375464 |
| 005 - ИДЕНТИФИКАТОР ВЕРСИИ | |
| контрольное поле | 20201110110614.0 |
| 010 ## - МЕЖДУНАРОДНЫЙ СТАНДАРТНЫЙ НОМЕР КНИГИ (ISBN) | |
| Номер (ISBN) | 978-5-00136-098-8 |
| Уточнения | ч. 2 |
| 021 ## - НОМЕР ГОСУДАРСТВЕННОЙ РЕГИСТРАЦИИ | |
| Код страны | Российская Федерация |
| Номер | КН-П-20-035927 |
| Номер Листа государственной регистраци | КН-П-20-2732 |
| 035 ## - ДРУГИЕ СИСТЕМНЫЕ НОМЕРА | |
| Идентификатор записи | (NLR Aleph) 012375464 |
| 035 ## - ДРУГИЕ СИСТЕМНЫЕ НОМЕРА | |
| Идентификатор записи | (RuMoRGB)010363920 |
| 100 ## - ДАННЫЕ ОБЩЕЙ ОБРАБОТКИ | |
| Данные общей обработки | 20201012d2020 c y0rusy50 ca |
| 101 0# - ЯЗЫК РЕСУРСА | |
| Язык текста, звукозаписи и т.д. | русский |
| 102 ## - СТРАНА ПУБЛИКАЦИИ ИЛИ ПРОИЗВОДСТВА | |
| Страна публикации | Российская Федерация |
| 105 ## - ПОЛЕ КОДИРОВАННЫХ ДАННЫХ: ТЕКСТОВЫЕ МАТЕРИАЛЫ, МОНОГРАФИЧЕСКИЕ | |
| Кодированные данные о монографическом текстовом документе | a j 000zy |
| 200 0# - ЗАГЛАВИЕ И СВЕДЕНИЯ ОБ ОТВЕТСТВЕННОСТИ | |
| Основное заглавие | Ч. 2 |
| 215 ## - ФИЗИЧЕСКАЯ ХАРАКТЕРИСТИКА | |
| Специфическое обозначение материала и объем | 142, [1] с. |
| Другие сведения о физической характеристике | ил. |
| 461 #0 - УРОВЕНЬ НАБОРА | |
| Встроенное поле | 001RU\NLR\BIBL_A\012375459 |
| -- | 2001#$aРусский язык$eучебник для 3 класса общеобразовательных организаций, реализующих АООП НОО слабослышащих и позднооглохших обучающихся в соответствии с ФГОС НОО ОВЗ$eв двух частях$fА. Г. Зикеев$vЧ. 2 |
| -- | 700#1$aЗикеев$bА. Г.$gАнатолий Георгиевич |
| Системный номер (АБИС) связанной записи | 11596265 |
| Автор | Зикеев, А. Г. (1921-2009) |
| Место публикации | Москва |
| Дата публикации | 2020 |
| Первые сведения об ответственности | А. Г. Зикеев |
| Имя издателя, распространителя и т.д. | ВЛАДОС |
| Сведения, относящиеся к заглавию | учебник для 3 класса общеобразовательных организаций, реализующих АООП НОО слабослышащих и позднооглохших обучающихся в соответствии с ФГОС НОО ОВЗ : в двух частях |
| Заглавие | Русский язык |
| ISBN | 9785001360964 |
| Номер тома | Ч. 2 |
| 942 ## - ДОПОЛНИТЕЛЬНЫЕ ЭЛЕМЕНТЫ ЗАПИСИ (АБИС) | |
| Тип экземпляра АБИС | Книга |
| 980 ## - КОЛЛЕКЦИЯ | |
| Название коллекции | Национальная библиография |
| Тип экземпляра | Дата поступления | Источник поступления | Библиотека постоянного хранения | Библиотека текущего хранения | Место хранения | Штрих-код | Статус экземпляра | Шифр хранения |
|---|---|---|---|---|---|---|---|---|
| Книга | 12.10.2020 | Обязательный экземпляр | РНБ (Московский) | РНБ (Московский) | Обменный фонд | 1-3184329 | ||
| Книга | 12.10.2020 | Обязательный экземпляр | РНБ (Московский) | РНБ (Московский) | Русский книжный фонд: издания с 1957 года | 1-3184330 | 2020-5/4886 |